Disney Princesses - Statistics

General Stats
  • This quiz has been taken 310 times
  • The average score is 15 of 20
Answer Stats
Hint Answer % Correct
The Little Mermaid Ariel
97%
Beauty and the Beast Belle
95%
Mulan Mulan
95%
Sleeping Beauty Aurora
94%
Cinderella Cinderella
94%
Aladdin Jasmine
94%
Pocahontas Pocahontas
94%
Princess and the Frog Tiana
94%
Frozen Anna & Elsa
93%
Snow White and the Seven Dwarves Snow White
93%
Brave Merida
92%
Tangled Rapunzel
92%
Sofia the First Sofia
77%
The Hunchback of Notre Dame Esmeralda
59%
Hercules Megara (Meg)
59%
The Little Mermaid 2 Melody
52%
Enchanted Giselle
43%
Atlantis the Lost Empire Kida
37%
Mulan 2 Ting-Ting, Su, and Mei
23%
Star Wars Leia Organa-Solo
1%
No matching quizzes found
Score Distribution
Percent of People with Each Score
Percentile by Number Answered
Your Score History
You have not taken this quiz